| 000 | 00701nam a2200229 a 4500 | ||
|---|---|---|---|
| 001 | 61645 | ||
| 003 | BD-RjUL | ||
| 005 | 20211209081003.0 | ||
| 008 | 170119s1959 nyua b 000 0 eng d | ||
| 035 | _a(BD-RjUL)61769 | ||
| 040 |
_aAKC _cAKC _dBD-RjUL _beng |
||
| 041 | _aeng | ||
| 082 |
_223 _a361.07 _bLUC 1959 |
||
| 100 | 1 |
_aLurie, Harry L. _9183630 |
|
| 245 | 1 | 4 |
_aThe community organization method in social work education / _cHarry L. Lurie |
| 260 |
_aNew York : _bCouncil on Social Work Education, _c1959. |
||
| 300 |
_a V. : _bill. ; _c24 cm. |
||
| 504 | _aBibliography: p. (261-270). | ||
| 505 | _aV-4.-- | ||
| 650 | 0 |
_aCommunity organization _xStudy and teaching. _9183631 |
|
| 942 |
_2ddc _cBK |
||
| 999 |
_c61645 _d61645 |
||